00285nam a22001097a 4500008004100000020001800041041000800059080000800067100000700075101000800082245008500090181009b xxu||||| |||| 00| 0 eng d a9780761927761 aeng a311 a55 aSTA aStatistics For People Who Think They Hate Statistics cSalkinnd.N.J